书目信息 |
| 题名: |
工程力学
|
|
| 作者: | 张桂云 主编 | |
| 分册: | ||
| 出版信息: | 北京 中国电力出版社 2007.09 |
|
| 页数: | 227页 | |
| 开本: | 26cm | |
| 丛书名: | ||
| 单 册: | ||
| 中图分类: | TB12 | |
| 科图分类: | ||
| 主题词: | 工程力学--gong cheng li xue--高等教育--教材 | |
| 电子资源: | ||
| ISBN: | 978-7-5083-5688-4 | |
| 000 | 00916nam0 2200253 450 | |
| 001 | 012007828733 | |
| 005 | 20071229110457.59 | |
| 010 | @a978-7-5083-5688-4@dCNY22.00 | |
| 100 | @a20071229d2007 km y0chiy0120 ea | |
| 101 | 0 | @achi |
| 102 | @aCN@b110000 | |
| 105 | @aak a 000yy | |
| 106 | @ar | |
| 200 | 1 | @a工程力学@Agong cheng li xue@f张桂云主编@Fzhang gui yun zhu bian |
| 210 | @a北京@c中国电力出版社@d2007.09 | |
| 215 | @a227页@c图@d26cm | |
| 300 | @a21世纪高职高专规划教材 | |
| 320 | @a有书目 (第227页) | |
| 330 | @a本书主要内容包括:静力学的基本概念和公理、平面汇交力系、力矩和力偶、平面任意力系、空间力系、刚体运动学、动力学基础、轴向拉伸与压缩、剪切、圆轴的扭转、平面弯曲、组合变形、压杆稳定和疲劳强度等。 | |
| 606 | 0 | @a工程力学@Agong cheng li xue@x高等教育@j教材 |
| 690 | @aTB12@v4 | |
| 701 | 0 | @a张桂云@Azhang gui yun@4主编 |
| 801 | 0 | @aCN@bQSSK@c20071229 |
| 905 | @b274332-34@dTB12@eZ108@f3 | |
| 工程力学/张桂云主编.-北京:中国电力出版社,2007.09 |
| 227页:图;26cm |
| 21世纪高职高专规划教材 |
| ISBN 978-7-5083-5688-4:CNY22.00 |
| 本书主要内容包括:静力学的基本概念和公理、平面汇交力系、力矩和力偶、平面任意力系、空间力系、刚体运动学、动力学基础、轴向拉伸与压缩、剪切、圆轴的扭转、平面弯曲、组合变形、压杆稳定和疲劳强度等。 |
| ● |
| 相关链接 |
|
|
|
正题名:工程力学
索取号:TB12/Z108
 
预约/预借
| 序号 | 登录号 | 条形码 | 馆藏地/架位号 | 状态 | 备注 |
| 1 | 274332 | 202743326 | 自科库501/501自科库 3排2列5层/ [索取号:TB12/Z108] | 在馆 | |
| 2 | 274333 | 202743335 | 自科库501/501自科库 3排2列5层/ [索取号:TB12/Z108] | 在馆 | |
| 3 | 274334 | 202743344 | 自科库501/501自科库 3排2列5层/ [索取号:TB12/Z108] | 在馆 |